000 00598nam a2200205Ia 4500
005 20250923150000.0
008 008 250917s9999 xx 000 0 eng d
037 _aTextual
040 _aDSWL
_beng
_cDSWL
041 _aeng
_2eng
084 _aYX,9m60aZ, N96
_qDSWL
100 _aUmar, Mohd.
_9840986
245 0 _aBride Burnning in India : A Sociological Study
_c by Mohd. Umar
260 _aNew Delhi
_b A.P.H.Pub. Corporation
_c1998
300 _axiv,326 p.
365 _aINR
_b600.00
925 _g600.00
942 _cTEXL
_hYX,9m60aZ, N96
999 _c1458121
_d1458121